000 00439nam a2200181Ia 4500
003 GCL
008 140319s9999 xx 000 0 eng d
040 _aGCL /
_cGCL
082 0 4 _a843
_bM T
100 1 _aMALRAUX, ANDRE
245 1 0 _aLA TEUTATION DE L'OCCIDENT /
_cMALRAUX, ANDRE
700 1 _aMALRAUX
300 _a220 P
490 _aLES CAHIERS ROUGES
_v0
650 0 4 _aLITERATURE
650 0 4 _aFRENCH LITERATURE
942 _2ddc
_cBK
999 _c23285
_d23285